000 00641nam a2200217Ia 4500
003 GCL
008 140319s9999 xx 000 0 ara d
040 _aGCL /
_cGCL
082 0 4 _aق
_b920.71
_bم ر
100 1 _aمحمد عمارة
245 1 0 _aرفاعة الطهطاوى رائد التنوير فى العصر الحديث /
_cمحمد عمارة
260 _a[S.N] :
_bدار الشروق ،
_c1988
300 _a402
490 _a
650 0 4 _aمصر
650 0 4 _aالتعليم
650 0 4 _aالثقافة
650 0 4 _aالتغير الاجتماعى
650 0 4 _aالتقدم الاجتماعى
942 _2ddc
_cBK
999 _c30985
_d30985